000 01677ngm a22003610a 4500
001 PT15521
003 AR-LpoUNG
005 20210202000157.0
007 vd cvaizq
008 191001s1994||||ag |||||||||||||||||spa d
037 _c$13.33
040 _aAR-LpoUNG
_bspa
_cAR-LpoUNG
_eaacr
041 _aspa
044 _aag
082 0 _a920.082 334cen
100 1 _aFenández Baraibar, Julio
_edir.
245 1 3 _aLa ceniza y la brasa :
_bpersonalidad y pensamiento de Arturo Jauretche
260 _aBuenos Aires :
_bBlackman,
_c[1994].
300 _aVHS (65 min.) : son., col.
505 0 _aMúsica: Juan Falú ; producción: Licia Tizziani ; camara: Miguel Miño ; asistente: Gabriela Carmona ; edición: Sebastián Corona.
520 _aEl realizador de este video intenta trazar una semblanza de Arturo Jauretche en su dimensión de político, escritor y pensador, y una relación de los momentos históricos que Jauretche protagonizara. Con entrevistas a Alejandro Dolina, Aníbal Ford, Jorge B. Rivera, Noé Jitrik, Fermín Chávez y otros. Música compuesta e interpretada por Juan Falú. Arturo Jauretche, 1901 - 1974, es uno de los argentinos cuyo pensamiento más ha influido en varias generaciones. Yrigoyenista, fundador de la FORJA, peronista a partir del 17 de octubre de 1945, sigue siendo uno de los autores fundamentales en la creación colectiva de nuestra identidad nacional.
650 4 _aBIOGRAFIAS
650 4 _aNACIONALISMO
650 4 _aNACIONALISTAS
650 4 _aPOLITICOS
651 4 _aArgentina
653 _aARGENTINOS
653 _aDOCUMENTALES
653 _aVHS
653 _aVIDEOS
905 _a15521
942 _cVIDEO
999 _c54251
_d54251